|
|
|
|
| LEADER |
01735nam a22004454a 4500 |
| 001 |
EBC253660 |
| 003 |
MiAaPQ |
| 005 |
20200520144314.0 |
| 006 |
m o d | |
| 007 |
cr cn||||||||| |
| 008 |
030430s2003 ne a sb 001 0 eng |
| 020 |
|
|
|z 9004128573 (alk. paper)
|
| 035 |
|
|
|a (MiAaPQ)EBC253660
|
| 035 |
|
|
|a (Au-PeEL)EBL253660
|
| 035 |
|
|
|a (CaPaEBR)ebr10090479
|
| 035 |
|
|
|a (CaONFJC)MIL46703
|
| 035 |
|
|
|a (OCoLC)228119106
|
| 040 |
|
|
|a MiAaPQ
|c MiAaPQ
|d MiAaPQ
|
| 041 |
1 |
|
|a eng
|h ger
|
| 043 |
|
|
|a a-cc---
|a a-vt---
|
| 050 |
|
4 |
|a HB615
|b .H229 2003
|
| 082 |
0 |
4 |
|a 338/.04/0951
|2 21
|
| 100 |
1 |
|
|a Heberer, Thomas.
|
| 245 |
1 |
0 |
|a Private entrepreneurs in China and Vietnam
|h [electronic resource] :
|b social and political functioning of strategic groups /
|c by Thomas Heberer ; translated by Timothy J. Gluckman.
|
| 260 |
|
|
|a Leiden ;
|a Boston :
|b Brill,
|c 2003.
|
| 300 |
|
|
|a vii, 398 p. :
|b ill.
|
| 490 |
1 |
|
|a China studies,
|x 0928-5520 ;
|v v. 4
|
| 504 |
|
|
|a Includes bibliographical references (p. [365]-390) and index.
|
| 533 |
|
|
|a Electronic reproduction. Ann Arbor, MI : ProQuest, 2015. Available via World Wide Web. Access may be limited to ProQuest affiliated libraries.
|
| 546 |
|
|
|a Originally written in German; published first in English.
|
| 650 |
|
0 |
|a Entrepreneurship
|z China.
|
| 650 |
|
0 |
|a Entrepreneurship
|z Vietnam.
|
| 650 |
|
0 |
|a Privatization
|z China.
|
| 650 |
|
0 |
|a Privatization
|z Vietnam.
|
| 650 |
|
0 |
|a Businesspeople
|z China.
|
| 650 |
|
0 |
|a Businesspeople
|z Vietnam.
|
| 655 |
|
4 |
|a Electronic books.
|
| 710 |
2 |
|
|a ProQuest (Firm)
|
| 830 |
|
0 |
|a China studies (Leiden, Netherlands) ;
|v v. 4.
|
| 856 |
4 |
0 |
|u https://ebookcentral.proquest.com/lib/matrademy/detail.action?docID=253660
|z Click to View
|